Greek Mythology - Sudden Death - Statistics

General Stats
  • This quiz has been taken 4,847 times
  • The average score is 9 of 14
Answers on the Grid
Answers color-coded by a green-red scale on the quiz's grid according to % correct below.
Aphrodite
Loki
Achilles
Hades
Admetus
Odysseus
Cupid
Ferentina
Hestia
Poseidon
Freyr
Gefjon
Cronus
Eros
Persephone
Aeneas
Janus
Juno
Mimir
Vidar
Medusa
Midas
Pandora
Forseti
 
Answer Stats
Answer % Correct
Aphrodite
96%
Achilles
84%
Hades
84%
Odysseus
78%
Poseidon
74%
Medusa
67%
Persephone
67%
Cronus
66%
Hestia
66%
Eros
62%
Pandora
61%
Midas
57%
Aeneas
41%
Admetus
25%
No matching quizzes found
Score Distribution
Percent of People with Each Score
Percentile by Number Answered
Your Score History
You have not taken this quiz